000
00325nam a2200133Ia 4500
005
20260328104345.0
008
260328s9999||||xx |||||||||||||| ||und||
100
_a
Various
245
0
_a
Biblioteca Atrium de la Construcción /
_c
Various
260
_b
Océano/Centrum
300
_a
148 p.
650
_a
PLANOS
942
_c
REF
999
_c
12283
_d
12283